LEADER 01693nam a2200325 u 4500 001 000000056983 003 CaOOAMICUS 005 20070226120531.0 008 010424s1976 it u000 u ita u 035 $a10886482 040 $aPUL(R)$bita 041 1 $aita$heng 100 1 $aSmith, Adam,$d1723-1790.$0(OLS)http://pul/name/12674 240 10$aInquire into Nature and Causes of the Wealth of Nations.$lItaliano.$0(OLS)http://pul/title/76247 245 13$aLa ricchezza delle nazioni /$cAdam Smith ; contributi critici di Lucio Colletti, Claudio Napoleoni e Paolo Sylos Labini. 260 $aRoma :$bNewton Compton,$cc1976. 300 $a3 v. ;$c20 cm 490 1 $aNewton testi ;$v24-26 504 $aNote bibliografiche. 700 1 $aSylos Labini, Paolo,$d1920-$0(OLS)http://pul/name/39876 700 1 $aNapoleoni, Claudio.$0(OLS)http://pul/name/39888 700 1 $aColletti, Lucio,$d1924-$0(OLS)http://pul/name/13561 830 0$aNewton testi ;$v24-26.$0(OLS)http://pul/title/73299 850 $aPUL 852 $aPUL$W1$xSL Religione 2$y84$mRH D4 121.1-3$j74641$nBK-PRI$b $qStampati altre collocazioni$B74641$CPULBib$Z2$F74641 $H $81 852 $aPUL$W1$xSL Religione 2$y84$mRH D4 121.1-3$j74641$nBK-PRI$b $qStampati altre collocazioni$B74642$CPULBib$Z2$F74642 $H $81 852 $aPUL$W1$xSL Religione 2$y84$mRH D4 121.1-3$j74641$nBK-PRI$b $qStampati altre collocazioni$B74643$CPULBib$Z2$F74643 $H $81 941 1 $a10 996 $6245$aLa ricchezza delle nazioni$9(OLS)http://pul/title/76248 996 $6260$aRoma :$bNewton Compton$9(OLS)http://pul/publisher/50757 LEADER 01800nam a2200373 a 4500 001 000000135702 003 CaOOAMICUS 005 20131009120808.0 008 131009s1995 inu u000 u eng r 020 $a978-1-883357-76-4 040 $aPUL$bita 082 04$a170 100 0 $aThomas Aquinas,$cs.,$dc. 1225-1274.$0(OLS)http://pul/name/3373 245 10$aCommentary on Aristotle's Physics /$cSt. Thomas Aquinas ; translated by Richard J. Blackwell, Richard J. Spath, and W. Edmund Thirlkel ; introduction by Vernon J. Bourke ; foreword by Ralph McInerny. 260 $aNotre Dame (Indiana) :$bDumb Ox Books,$cİ1995. 300 $axxxii, 638 p. ;$c23 cm 490 1 $aAristotelian commentary series 500 $aTesto su due colonne. 600 04$aAristoteles,$d384-322 a.C.$tPhysica$xCommenti.$0(OLS)http://pul/subject/39821 700 1 $aBlackwell, Richard J.$0(OLS)http://pul/name/87381 700 1 $aMcInerny, Ralph $b1929-2010.$0(OLS)http://pul/name/38372 700 1 $aSpath, Richard J.$0(OLS)http://pul/name/87382 700 1 $aThirlkel, W. Edmund.$0(OLS)http://pul/name/87383 700 1 $aBourke, Vernon Joseph,$d1907-$0(OLS)http://pul/name/6630 830 0$aAristotelian commentary series.$0(OLS)http://pul/title/171565 850 $aPUL 852 $aPUL$W1$xSL Filosofia 3$y81$m170 TOMAQ 2.3$j156496$qDDC 21$q $B155842$CPULBib$Z2$F155842 $H122913 $81 900 $aTommaso d'Aquino,$cs.,$dc.1225-1274$93373 941 1 $a9 996 $6020$a978-1-883357-76-4$9(OLS)http://pul/number/153679 996 $6082$a170$9(OLS)http://pul/classification/380 996 $6245$aCommentary on Aristotle's Physics$9(OLS)http://pul/title/171567 996 $6260$aNotre Dame (Indiana) :$bDumb Ox Books$9(OLS)http://pul/publisher/82511